| 000 | 00644nam a2200217Ia 4500 | ||
|---|---|---|---|
| 005 | 20250508162609.0 | ||
| 008 | 008 250505s9999 xx 000 0 eng d | ||
| 020 | _a0-8229-3510-4 | ||
| 037 | _aTextual | ||
| 040 |
_aFEDL _beng _cFEDL |
||
| 041 |
_aeng _2eng |
||
| 084 |
_a101, RES _qFEDL |
||
| 100 | _aRescher Nicholas | ||
| 245 | 0 | _aStrife of systems : An essay on the grounds and implications of philosophical diversity | |
| 260 |
_aPittsburgh, USA _bUniversity of Pittsburgh _c1985 |
||
| 300 | _axii, 283p. | ||
| 365 |
_aUSD _b34.95 |
||
| 650 | _aPhilosophy | ||
| 942 |
_cTEXL _h101, RES |
||
| 999 |
_c1377554 _d1377554 |
||